Phép tính vi phân và tích phân Sách dùng trong các trường Cao đẳng sư phạm Tập 1
trình bày các khái niệm định nghĩa, định lý về các vấn đề: Lý thuyết dãy số, hàm số mật biến số, giới hạn của hàm số, hàm số mật biến số, giới hạn của hàm số, hàm số liên tục, đạo hàm và vi phân của hàm số chuỗi, hàm số hai biến số...
Đã lưu trong:
| Tác giả chính: | |
|---|---|
| Định dạng: | Sách |
| Ngôn ngữ: | Vietnamese |
| Được phát hành: |
H.
Giáo dục
1978
|
| Những chủ đề: | |
| Các nhãn: |
Thêm thẻ
Không có thẻ, Là người đầu tiên thẻ bản ghi này!
|
| Thư viện lưu trữ: | Mạng thư viện Đại học Đà Nẵng |
|---|
| LEADER | 01454nam a2200349 4500 | ||
|---|---|---|---|
| 001 | 000008065 | ||
| 003 | 4246 | ||
| 005 | 20111024081041.0 | ||
| 008 | 111013s1978 viesd | ||
| 041 | 0 | |a vie | |
| 082 | |a 515,3 |b BA-S | ||
| 100 | 0 | |a Banac, Stêfan | |
| 245 | 1 | 0 | |a Phép tính vi phân và tích phân |b Sách dùng trong các trường Cao đẳng sư phạm |c Stêfan Banac |n Tập 1 |
| 260 | |a H. |b Giáo dục |c 1978 | ||
| 300 | |a 279tr. |c 21cm | ||
| 520 | |a trình bày các khái niệm định nghĩa, định lý về các vấn đề: Lý thuyết dãy số, hàm số mật biến số, giới hạn của hàm số, hàm số mật biến số, giới hạn của hàm số, hàm số liên tục, đạo hàm và vi phân của hàm số chuỗi, hàm số hai biến số | ||
| 653 | |a Toán | ||
| 653 | |a vi phân | ||
| 653 | |a tích phân | ||
| 653 | |a Giáo Trình | ||
| 773 | |t Phép tính vi phân và tích phân |w 4240 | ||
| 910 | |a Quang Huy |d 18/10/2011 | ||
| OWN | |a LSP | ||
| AVA | |a UDN50 |b LSP |d 515,3 BA-S |e unavailable |t Error 5002 Not defined in file expand_doc_bib_avail. |f 1 |g 1 |h N |i 0 |k 1 | ||
| 999 | |a From the UDN01 | ||
| AVA | |a UDN50 |b LSP |d 515,3 BA-S |e unavailable |t Error 5002 Not defined in file expand_doc_bib_avail. |f 1 |g 1 |h N |i 0 |k 1 | ||
| TYP | |a Monograph | ||
| TYP | |a Printed language | ||
| 980 | |a Mạng thư viện Đại học Đà Nẵng | ||